000 01575nam a2200337 a 4500
003 DO-SdBNP
005 20211001131340.0
008 100122s2005 dr 000 0 spa d
020 _a999349562X
040 _aDO-SdBNP
_bspa
_cBPMSU
049 _a
082 _a364.7293
_bP343i 2005
_222
100 1 _aPayán Areché, Luis Ramón
_d1956-
245 1 0 _aInvestigación, criminalística y el nuevo proceso penal /
_cLuis Ramón Payán Areché; prólogo Alejandro Moscoso Segarra.
260 _aSanto Domingo :
_bCentenario,
_c2005.
300 _a305 p. :
_bil. , diagramas ;
_c23 cm.
500 _aIncluye referencias biblográficas y notas al pie de las páginas
500 _aIncluye datos biográficos del autor en las solapas
504 _aBibliografía :(p. 303-305)
505 _aPrólogo 9 -- Introducción 17 -- La nueva legislación en República Dominicana : Una respuesta a las amenazas de hoy 21 -- Don Código Procesal Penal : El más mencionado de los últimos tiempos 43 -- La información sobre los hechos o actos del hombre 71 -- El ciclo de investigación 97 -- El procedimiento preparatorio 149 -- Entrevistas e interrogatorios 195 -- La audiencia preliminar 255 -- Bibliografía 303
590 _6Inventariado, 2021/VM
650 4 _aCriminología
650 4 _aProcedimiento penal.
650 4 _anvestigación criminal.
650 4 _aAdministración de justicia penal
_zRepública Dominicana
650 4 _aDerecho penal
650 4 _aInvestigación criminal
700 1 _aMoscoso Segarra, Alejandro
910 _aVMateo V.
942 _2ddc
_cBK
999 _c13748
_d13748